000 00744nam a2200241 a 4500
008 951121s1989||||[C 0 slo c
020 _c20 Kčs.
_q(5000 výtl.)
040 _aSNK
_bslo
_cSNK
_eAACR2
041 1 _aslo
_hara
044 _axo
_cSK
080 _a892.7-3
100 1 _aMuníf, Abdarrahmán
_4aut
245 1 0 _aŽivá púšť
_cAbdarrahmán Muníf ; Ladislav Drozdík, Ladislav Drozdík, Adela Jakabová
250 _a1., vyd.
260 _aBratislava
_bPravda
_c1989
_eBratislava
_fPravda
300 _a128 s., 6,88 AH
_c21 cm
490 0 _aMaják
500 _aIlustr. na front. a predsádkach.
700 1 _aDrozdík, Ladislav
_4trl
700 1 _aDrozdík, Ladislav
_4[ADC]
700 1 _aJakabová, Adela
_4bkd
958 _aA
999 _c12194
_d12194